A列車で行こう3DNEO 設置物の表示名 - Statistics

General Stats
  • This quiz has been taken 35 times
    33 since last reset
  • The average score is 146 of 230
Answer Stats
Answer % Correct
資材工場A
95%
雑居ビルA
95%
高層ビルA
95%
資材工場B
95%
高層ビルB
95%
資材工場C
95%
高層ビルC
95%
高層ビルD
95%
高層ビルE
95%
高層ビルF
95%
高層ビルH
95%
高層ビルI
95%
火力発電所
91%
中層ビルA
91%
超高層ビルA
91%
マンションA
91%
雑居ビルB
91%
中層ビルB
91%
超高層ビルB
91%
雑居ビルC
91%
中層ビルC
91%
超高層ビルC
91%
雑居ビルD
91%
中層ビルD
91%
超高層ビルD
91%
雑居ビルE
91%
雑居ビルF
91%
雑居ビルG
91%
高層ビルG
91%
スーパーA
86%
デパートA
86%
駐輪場A
86%
スーパーB
86%
デパートB
86%
駐輪場B
86%
マンションB
86%
デパートC
86%
マンションC
86%
デパートD
86%
マンションD
86%
中層ビルE
86%
マンションE
86%
中層ビルF
86%
マンションF
86%
中層ビルG
86%
マンションG
86%
雑居ビルH
86%
中層ビルH
86%
マンションH
86%
雑居ビルI
86%
中層ビルI
86%
雑居ビルJ
86%
中層ビルJ
86%
雑居ビルK
86%
中層ビルK
86%
雑居ビルL
86%
中層ビルL
86%
雑居ビルM
86%
雑居ビルN
86%
雑居ビルO
86%
雑居ビルP
86%
82%
82%
駐車場A
82%
スタジアムA
82%
遊園地A
82%
高層マンションA
82%
駐車場B
82%
スタジアムB
82%
遊園地B
82%
高層マンションB
82%
高層マンションC
82%
高層マンションD
82%
デパートE
82%
デパートF
82%
鉄工所
77%
風力発電所
77%
水力発電所
77%
コンビニ
77%
針葉樹林
77%
広葉樹林
77%
映画館A
77%
タワーA
77%
映画館B
77%
タワーB
77%
マンションI
77%
タワー駐車場
73%
線路
73%
道路
73%
73%
公園A
73%
公園B
73%
公園C
73%
公園D
73%
家具工場
68%
スキー場
68%
劇場
68%
68%
学校
68%
住宅
68%
伐採所
68%
果樹園
68%
ホテルA
68%
街路樹A
68%
超高層マンションA
68%
ホテルB
68%
街路樹B
68%
超高層マンションB
68%
ホテルC
68%
超高層マンションC
68%
ホテルD
68%
超高層マンションD
68%
紡績工場
64%
製材所
64%
製鉄所
64%
炭鉱
64%
書店
64%
スポーツ施設
64%
物流センター
64%
木造学校
64%
交番
64%
警察署
64%
草原
64%
石油
64%
個人商店
59%
高架下商店
59%
銭湯
59%
スポーツショップ
59%
ホームセンター
59%
ファミレス
59%
ゴルフ練習場
59%
歌舞伎劇場
59%
ゲームセンター
59%
水族館
59%
漁港
59%
消防署
59%
消防本部
59%
アパート
59%
59%
竹林
59%
石炭
59%
ガソリンスタンドA
59%
ガソリンスタンドB
59%
テニス場
55%
ボウリング場
55%
プール
55%
マリーナ
55%
神社
55%
寺院
55%
医院
55%
総合病院
55%
砂浜
55%
舗装
55%
55%
資材置場
55%
製油所A
55%
製油所B
55%
油井
50%
自動車用品店
50%
弁当屋
50%
バーガーショップ
50%
料亭
50%
展示場
50%
教会
50%
卸売市場
50%
小路
50%
更地
50%
ドラッグストア
45%
電器店
45%
スーパー銭湯
45%
植物園
45%
灯台
45%
郵便局
45%
信用金庫
45%
漁家
45%
農家
45%
桜林
45%
ビニールハウス
45%
河川
45%
45%
農業倉庫
45%
ペンションA
45%
温泉宿A
45%
並木道A
45%
ペンションB
45%
温泉宿B
45%
並木道B
45%
個人飲食店
41%
レジャー牧場
41%
農業組合所
41%
グラウンド
41%
水路
41%
水産倉庫
41%
木材置場
41%
別荘A
41%
別荘B
41%
衣料品店
36%
キャンプ場
36%
科学館
36%
船着場
36%
路面軌道
36%
地蔵堂
36%
針葉樹林(山)
36%
広葉樹林(山)
36%
岩地
36%
36%
36%
用地
36%
石炭サイロ
36%
地下街
32%
ミニゴルフ場
32%
役所
32%
桜林(山)
32%
竹林(山)
32%
線路用地
32%
石油タンク
32%
岩山
27%
岩礁
23%
23%
地下道
23%
堤防
18%
造成地
18%
坑道
14%
擁壁
14%
売却用地
14%
建設現場
14%
空港(管制塔)
5%
空港(滑走路)
5%
空港(進入禁止区域)
5%
採掘管
0%
No matching quizzes found
Score Distribution
Percent of People with Each Score
Percentile by Number Answered
Your Score History
You have not taken this quiz since the last reset